Adresář československé soustavy VTEI 1987 : Rejstříky

Gespeichert in:
Bibliographische Detailangaben
Format: Buch
Veröffentlicht: Praha : UVTEI, 1987
Tags: Tag hinzufügen
Keine Tags, Fügen Sie das erste Tag hinzu!

MARC

LEADER 00000nam a22000003a 4500
001 stu20481
005 20150408181448.8
008 ------s1987----cs----------------------d
040 |a STU  |b slo 
041 0
044 |a cs 
080 |a 002.6/058.7//437/  |7 stu_us_auth*stu4803 
245 |a Adresář československé soustavy VTEI 1987 :  |b Rejstříky 
260 |a Praha :  |b UVTEI,  |c 1987 
300 |a 117 s 
996 |b CB524,527,530  |c C*B524,527,530  |l CCI  |s A  |a 24  |w stu20481_0001